[Event "65th Rtng Kimry chess Championship"]
[Site "Kimry"]
[Date "2012.01.05"]
[Round "7.3"]
[White "Rumjantsev, Juri"]
[Black "Kuryshkin, Anatoliy"]
[Result "1-0"]
[WhiteElo "2133"]
[BlackElo "2018"]
[PlyCount "105"]
[EventDate "2012.01.02"]

1. d4 Nf6 2. Nf3 d5 3. c4 c6 4. e3 e6 5. Nc3 Nbd7 6. Qc2 Bd6 7. cxd5 Nxd5 8.
Bc4 Nb4 9. Qe2 b5 10. Bb3 Nb6 11. e4 Na6 12. e5 Be7 13. O-O Nc7 14. Ne4 h6 15.
Rd1 Ncd5 16. Ne1 a5 17. a3 a4 18. Bc2 Nc4 19. Nd3 Ndb6 20. Ndc5 Qc7 21. Qg4 g5
22. Qh5 Nd5 23. g3 Bd7 24. b3 axb3 25. Bxb3 Na5 26. Ba2 O-O-O 27. Qxf7 Rdf8 28.
Qh5 Bxc5 29. Nxc5 Nb7 30. Ne4 c5 31. Bxd5 exd5 32. Nd6+ Nxd6 33. exd6 Qxd6 34.
dxc5 Qe5 35. Be3 Qe4 36. Rd4 Qe6 37. c6 Bxc6 38. Qe2 Rh7 39. a4 bxa4 40. Qa6+
Rb7 41. Rdxa4 Kd7 42. Rd4 Rfb8 43. Qd3 Qf7 44. Rc1 Rb3 45. Qc2 Qe6 46. Qh7+ Kc8
47. Re1 R8b7 48. Qc2 Kd7 49. Rdd1 Qf7 50. Rc1 R3b6 51. Bxb6 Rxb6 52. Qc5 Ra6
53. Re3 1-0

[Event "65th Rtng Kimry chess Championship"]
[Site "Kimry"]
[Date "2012.01.05"]
[Round "7.4"]
[White "Pavlova, Kseniia"]
[Black "Ustinov, Alexey"]
[Result "1-0"]
[WhiteElo "1971"]
[BlackElo "2147"]
[PlyCount "125"]
[EventDate "2012.01.02"]

1. e4 d5 2. exd5 Qxd5 3. Nc3 Qa5 4. g3 h5 5. h4 Nf6 6. Bg2 Nc6 7. Nf3 Bg4 8. d3
Qf5 9. Qe2 O-O-O 10. Ne4 Ne5 11. Neg5 Nfd7 12. Nd4 Qf6 13. f3 Nc5 14. Be3 Bd7
15. O-O-O e6 16. Ne4 Nxe4 17. dxe4 Qg6 18. Nb3 Nc6 19. Qf2 Kb8 20. f4 Be7 21.
e5 a6 22. Bc5 f6 23. Bxe7 Nxe7 24. Na5 Bc8 25. Qc5 Nd5 26. Rd3 Nb6 27. Rc3 Qf7
28. Qb4 Qd7 29. Rd3 Qb5 30. Qxb5 axb5 31. Rhd1 Rxd3 32. Rxd3 fxe5 33. fxe5 Nd7
34. Re3 Rf8 35. Bh3 Nb6 36. c3 Nd5 37. Rd3 Rf2 38. Nb3 Rh2 39. Bf1 Rf2 40. Bh3
Re2 41. Nd4 Rxe5 42. Bxe6 Bxe6 43. Nxe6 Nxc3 44. Nxg7 Nxa2+ 45. Kd2 Nb4 46.
Rd8+ Ka7 47. Rh8 Rd5+ 48. Ke2 Rd3 49. Nxh5 Rb3 50. g4 Rxb2+ 51. Kf3 Nd5 52. Rd8
c6 53. g5 Rb3+ 54. Kg4 Ne3+ 55. Kf3 Nf5+ 56. Kg4 Ne3+ 57. Kf3 c5 58. g6 Nf5+
59. Kg4 Ne7 60. g7 Rb4+ 61. Nf4 Ka6 62. Re8 Nd5 63. Re6+ 1-0

[Event "65th Rtng Kimry chess Championship"]
[Site "Kimry"]
[Date "2012.01.05"]
[Round "7.5"]
[White "Pakhteev, Yury"]
[Black "Golubeva, Maria"]
[Result "1-0"]
[WhiteElo "2269"]
[BlackElo "1889"]
[PlyCount "91"]
[EventDate "2012.01.02"]

1. e4 e6 2. d4 d5 3. Nd2 Nf6 4. e5 Nfd7 5. Bd3 c5 6. c3 b6 7. a3 c4 8. Bc2 Bb7
9. Qf3 Nc6 10. Ne2 Qc7 11. a4 a6 12. b3 b5 13. axb5 axb5 14. Rxa8+ Bxa8 15.
bxc4 bxc4 16. Nf4 Nb6 17. Qg4 g6 18. h4 Nd8 19. h5 Rg8 20. Nf3 Be7 21. hxg6
hxg6 22. Rh7 Nd7 23. Ng5 Nf8 24. Rh3 Bc6 25. Nh7 Nxh7 26. Rxh7 Qa5 27. Bd2 Qa1+
28. Qd1 Qxd1+ 29. Kxd1 Bb5 30. Nh3 Nc6 31. Ng5 Nd8 32. g4 Rf8 33. Nh3 Rg8 34.
Bg5 Bxg5 35. Nxg5 Rf8 36. f4 Bd7 37. Rg7 Rh8 38. Nh7 Bc6 39. Ke2 Bb5 40. Kf3
Nc6 41. Kg3 Nd8 42. Kh4 Bc6 43. Kg5 Bd7 44. Kf6 Bc6 45. Bxg6 fxg6 46. Re7# 1-0

[Event "65th Rtng Kimry chess Championship"]
[Site "Kimry"]
[Date "2012.01.05"]
[Round "7.7"]
[White "Milkin, Sergey"]
[Black "Terentieva, Alena"]
[Result "1/2-1/2"]
[WhiteElo "2045"]
[BlackElo "1869"]
[PlyCount "114"]
[EventDate "2012.01.02"]

1. d4 Nf6 2. Nf3 e6 3. Bf4 b6 4. e3 Bb7 5. Bd3 Be7 6. O-O h6 7. Nbd2 g5 8. Bg3
Nh7 9. Ne5 d6 10. Nxf7 Kxf7 11. Qh5+ Kf8 12. Qxh6+ Ke8 13. Bxh7 Kd7 14. Qg7 Kc8
15. c4 Nd7 16. Be4 Qe8 17. Qg6 Qxg6 18. Bxg6 Nf6 19. b4 Kd7 20. Nb3 Rh6 21. Bd3
Rah8 22. f3 g4 23. Be2 Nh5 24. Kf2 Nxg3 25. hxg3 Rh2 26. Nd2 R8h3 27. Rg1 Rh8
28. f4 Rg8 29. b5 e5 30. d5 exf4 31. gxf4 Kd8 32. Kg3 Bc8 33. Rh1 Rxh1 34. Rxh1
Re8 35. Kf2 Bf6 36. g3 Bf5 37. Rh5 Bc3 38. Nf1 Bb1 39. Bxg4 Bxa2 40. Be2 Re4
41. Bd3 Rxc4 42. Bxc4 Bxc4 43. e4 Bxb5 44. e5 dxe5 45. fxe5 a5 46. Ne3 a4 47.
Rh8+ Be8 48. Ng4 Ke7 49. Rh7+ Kd8 50. Nf6 Bxe5 51. Nxe8 Kxe8 52. Rh4 Kd7 53.
Rxa4 Kd6 54. g4 Kxd5 55. Kf3 b5 56. Re4 c5 57. g5 b4 1/2-1/2

[Event "65th Rtng Kimry chess Championship"]
[Site "Kimry"]
[Date "2012.01.05"]
[Round "7.8"]
[White "Kobozeva, Viktoria"]
[Black "Filatov, Roman A"]
[Result "1/2-1/2"]
[WhiteElo "1851"]
[BlackElo "2072"]
[PlyCount "143"]
[EventDate "2012.01.02"]

1. e4 e5 2. Nf3 Nf6 3. Nxe5 d6 4. Nf3 Nxe4 5. d4 d5 6. Bd3 Bd6 7. O-O O-O 8. c4
c6 9. Qc2 Nf6 10. Bg5 h6 11. Bh4 dxc4 12. Bxc4 Nbd7 13. Nc3 Qc7 14. Bb3 a6 15.
Rfe1 b5 16. Ne4 Nxe4 17. Qxe4 Bb7 18. Bc2 g6 19. Qg4 Kg7 20. Be7 Rfe8 21. Bxd6
Qxd6 22. Rad1 Nf6 23. Qg3 Qxg3 24. hxg3 Rad8 25. Bb3 Ne4 26. Rc1 f5 27. a4 Rd6
28. axb5 axb5 29. Rcd1 Red8 30. Bc2 c5 31. dxc5 Rxd1 32. Bxd1 Nxc5 33. b4 Ne4
34. Be2 Bc6 35. Rc1 Rd6 36. Ne5 Be8 37. Nf3 Kf6 38. Rc8 Bd7 39. Rh8 Nc3 40. Kf1
Nxe2 41. Kxe2 Re6+ 42. Kd3 Re4 43. Nd4 Ke5 44. Nc2 Be6 45. Rxh6 Bc4+ 46. Kc3
Re2 47. Na3 Bf7 48. Nxb5 Rxf2 49. Rh2 Bd5 50. Rh6 Kf6 51. Nd4 Rxg2 52. Rh3 Kg5
53. b5 Kg4 54. Rh7 Rxg3+ 55. Kb4 Rg1 56. Kc5 Be4 57. Re7 Rc1+ 58. Kd6 Rb1 59.
Kc5 Kf4 60. Ne6+ Ke3 61. Ng5 Rc1+ 62. Kd6 Kf4 63. Nxe4 fxe4 64. b6 e3 65. b7
Rb1 66. Kc7 g5 67. b8=Q Rxb8 68. Kxb8 g4 69. Rf7+ Kg3 70. Re7 Kf2 71. Rf7+ Kg2
72. Re7 1/2-1/2

[Event "65th Rtng Kimry chess Championship"]
[Site "Kimry"]
[Date "2012.01.05"]
[Round "7.9"]
[White "Mironova, Natalia"]
[Black "Geshko., Aleksey"]
[Result "1-0"]
[WhiteElo "1826"]
[BlackElo "1867"]
[PlyCount "103"]
[EventDate "2012.01.02"]

1. e4 c5 2. c3 e6 3. d4 d5 4. exd5 Qxd5 5. Nf3 Nf6 6. Bd3 Nc6 7. O-O Be7 8. a4
O-O 9. Na3 cxd4 10. Nb5 Qd8 11. Nfxd4 Nxd4 12. Nxd4 Bd7 13. a5 a6 14. Bc2 Qc7
15. Qf3 Bc5 16. Nb3 Bc6 17. Qh3 Be7 18. Bg5 Be4 19. Bxe4 Nxe4 20. Bxe7 Qxe7 21.
Ra4 Nf6 22. Qf3 Rfd8 23. Rd1 Rxd1+ 24. Qxd1 Rd8 25. Rd4 Rxd4 26. Qxd4 h6 27. h3
e5 28. Qc5 Qd7 29. Kh2 Qf5 30. Qe3 Qh5 31. Qd2 e4 32. c4 Qe5+ 33. Kg1 Qf5 34.
Qd4 Qe6 35. Nc5 Qe7 36. b4 Qc7 37. Nxe4 Nxe4 38. Qxe4 Qd7 39. Qe2 Qa4 40. Qe7
Qc2 41. Qc5 h5 42. g3 Qb1+ 43. Kh2 Qf1 44. h4 g6 45. b5 axb5 46. cxb5 Qa1 47.
Qb6 Qa2 48. a6 bxa6 49. bxa6 Kg7 50. a7 Kh7 51. Qd4 Kh6 52. Qh8# 1-0

[Event "65th Rtng Kimry chess Championship"]
[Site "Kimry"]
[Date "2012.01.05"]
[Round "7.10"]
[White "Tikhonova, Mariya"]
[Black "Sherbakova, Elena"]
[Result "1-0"]
[WhiteElo "1779"]
[BlackElo "1864"]
[PlyCount "63"]
[EventDate "2012.01.02"]

1. e4 d6 2. d3 Nf6 3. g3 e5 4. Bg2 Be7 5. Ne2 O-O 6. O-O c6 7. f4 Nbd7 8. d4
Qb6 9. c3 Re8 10. Nd2 Bf8 11. Nc4 Qc7 12. Qd3 b5 13. Nd2 Bb7 14. Bf3 Rad8 15.
g4 g6 16. g5 Nh5 17. Bxh5 gxh5 18. Qf3 exd4 19. cxd4 c5 20. d5 Bg7 21. Qxh5 Nf8
22. Ng3 Bc8 23. Nf3 f6 24. gxf6 Bxf6 25. f5 Re7 26. Kh1 Rg7 27. Qh3 Rgd7 28.
Nh5 Rf7 29. Rg1+ Kh8 30. Ng5 Bxg5 31. Bxg5 b4 32. Qg4 1-0

[Event "65th Rtng Kimry chess Championship"]
[Site "Kimry"]
[Date "2012.01.05"]
[Round "7.11"]
[White "Nefedov, Dmitriy"]
[Black "Sharkova, Vera"]
[Result "1-0"]
[WhiteElo "2089"]
[BlackElo "1902"]
[PlyCount "147"]
[EventDate "2012.01.02"]

1. c4 Nf6 2. Nc3 g6 3. g3 Bg7 4. Bg2 O-O 5. Nf3 d6 6. O-O Nbd7 7. d4 c5 8. e4
a6 9. d5 b5 10. Nd2 Bb7 11. Re1 Ne5 12. Bf1 Ne8 13. f4 Nd7 14. a4 bxc4 15. a5
Nc7 16. Nxc4 Nb5 17. Qd3 Nd4 18. Ra3 Qc7 19. Bg2 Rab8 20. Na4 Nb5 21. Rb3 e6
22. Nab6 Nxb6 23. axb6 Qe7 24. Bd2 Bc8 25. Qf1 Bd7 26. Ba5 Nd4 27. Rd3 Bb5 28.
b3 Qd7 29. Rb1 Bxc4 30. bxc4 Qa4 31. Qe1 Qxc4 32. Bf1 Qxd3 33. Bxd3 Nf3+ 34.
Kf2 Nxe1 35. Rxe1 exd5 36. exd5 Bd4+ 37. Kf1 c4 38. Bxc4 Bxb6 39. Bb4 Bc7 40.
Ba3 a5 41. Re7 Rb1+ 42. Kg2 Bb8 43. Rd7 Rb6 44. h4 Rc8 45. Bf1 Rc2+ 46. Kh3 Rc3
47. Rd8+ Kg7 48. Rxb8 Rxb8 49. Bxd6 Re8 50. Be5+ Rxe5 51. fxe5 Rc1 52. Bb5 Rc5
53. Bc6 Kf8 54. Kg4 Rxc6 55. dxc6 Ke7 56. Kg5 a4 57. c7 Kd7 58. Kf6 a3 59. Kxf7
a2 60. e6+ Kxc7 61. e7 a1=Q 62. e8=Q Qa2+ 63. Kg7 Qc2 64. Qe7+ Kc8 65. Qg5 Qc7+
66. Kh6 Qf7 67. Qc5+ Kd8 68. Qd4+ Ke7 69. Qa7+ Kf6 70. Qxf7+ Kxf7 71. Kxh7 Kf6
72. Kh6 Kf7 73. g4 Kf6 74. g5+ 1-0

[Event "65th Rtng Kimry chess Championship"]
[Site "Kimry"]
[Date "2012.01.05"]
[Round "7.12"]
[White "Komarova, Tatiana"]
[Black "Sepp, Yuri"]
[Result "1-0"]
[WhiteElo "1798"]
[BlackElo "1970"]
[PlyCount "79"]
[EventDate "2012.01.02"]

1. e4 c5 2. Nc3 d6 3. f4 Nc6 4. Nf3 g6 5. g3 Bg7 6. Bg2 a6 7. O-O Bd7 8. d3 Nd4
9. Ne2 Nxf3+ 10. Bxf3 Bh3 11. Bg2 Qd7 12. c3 h5 13. Rf2 Nh6 14. Bxh3 Qxh3 15.
Qf1 Qd7 16. h3 Rb8 17. Be3 f5 18. Qg2 Qb5 19. Nc1 Qc6 20. Re2 c4 21. Bd4 Bxd4+
22. cxd4 cxd3 23. Nxd3 Qc4 24. Qf3 Qxd4+ 25. Kh2 Kf7 26. e5 Ng4+ 27. Kg2 dxe5
28. fxe5 Nh6 29. Nf4 e6 30. Qb3 Qd7 31. Rd1 Qc6+ 32. Kh2 Ng4+ 33. Kg1 Qc5+ 34.
Kg2 Qc6+ 35. Kg1 g5 36. Rc2 gxf4 37. Rxc6 bxc6 38. Rd7+ Kf8 39. Qxe6 Nh6 40.
Qe7+ 1-0

[Event "65th Rtng Kimry chess Championship"]
[Site "Kimry"]
[Date "2012.01.05"]
[Round "7.13"]
[White "Asrian, Armen"]
[Black "Doronine, Vladimir"]
[Result "1-0"]
[WhiteElo "2097"]
[BlackElo "1798"]
[PlyCount "91"]
[EventDate "2012.01.02"]

1. e4 d6 2. d4 Nf6 3. Nc3 g6 4. Be3 Bg7 5. f3 Nbd7 6. Qd2 h5 7. O-O-O a6 8. Nh3
b5 9. Ng5 Nb6 10. Bd3 b4 11. Ne2 a5 12. d5 Ba6 13. Nd4 Nc4 14. Bxc4 Bxc4 15. b3
Ba6 16. Nge6 fxe6 17. Nxe6 Qd7 18. Nxg7+ Kf7 19. Ne6 c5 20. Nxc5 dxc5 21. e5
Nxd5 22. Qxd5+ Qxd5 23. Rxd5 c4 24. Rxa5 cxb3 25. axb3 Ke6 26. Kb2 Be2 27. Rxa8
Rxa8 28. Re1 Bb5 29. Bd2 Rd8 30. Bxb4 Rd5 31. c4 Rd4 32. Bc3 Rh4 33. cxb5 Rxh2
34. Re2 h4 35. b6 Kd7 36. e6+ Kc6 37. Be5 Rh1 38. Bc7 h3 39. gxh3 Rxh3 40. f4
Kb7 41. Rg2 Rh6 42. Kc3 g5 43. f5 Rh3+ 44. Kc4 Rh4+ 45. Kc5 g4 46. Ra2 1-0

[Event "65th Rtng Kimry chess Championship"]
[Site "Kimry"]
[Date "2012.01.05"]
[Round "7.15"]
[White "Fedoruk, Nikolay"]
[Black "Voropaev, Pavel"]
[Result "1-0"]
[WhiteElo "1813"]
[BlackElo "1303"]
[PlyCount "59"]
[EventDate "2012.01.02"]

1. e4 d5 2. exd5 c6 3. dxc6 Nxc6 4. Bb5 Bd7 5. Nf3 Nf6 6. d4 e6 7. c3 a6 8. Bd3
Be7 9. O-O O-O 10. Qc2 Re8 11. Bf4 Bf8 12. Nbd2 g6 13. Ne5 Bg7 14. Ndf3 Nh5 15.
Bg3 Nxg3 16. hxg3 f6 17. Nxd7 Qxd7 18. Rfe1 e5 19. dxe5 fxe5 20. Rad1 Kf8 21.
Bxg6 Qxd1 22. Rxd1 hxg6 23. Qxg6 e4 24. Ng5 Ne5 25. Qd6+ Re7 26. Ne6+ Ke8 27.
Nxg7+ Kf7 28. Nh5 Nc4 29. Qd5+ Re6 30. Qxc4 1-0

[Event "65th Rtng Kimry chess Championship"]
[Site "Kimry"]
[Date "2012.01.06"]
[Round "8.1"]
[White "Volkov, Sergei"]
[Black "Pavlova, Kseniia"]
[Result "1-0"]
[WhiteElo "2259"]
[BlackElo "1971"]
[PlyCount "87"]
[EventDate "2012.01.02"]

1. d4 Nf6 2. Bg5 g6 3. Bxf6 exf6 4. e3 Bg7 5. Ne2 b6 6. Nf4 Bb7 7. Be2 Bh6 8.
Bf3 d5 9. Ne2 Ba6 10. Nd2 c6 11. O-O f5 12. g3 O-O 13. Rc1 Nd7 14. c4 Nf6 15.
Qa4 Bb7 16. cxd5 cxd5 17. Nc3 Ne4 18. Ndxe4 fxe4 19. Be2 f5 20. Ba6 Bxa6 21.
Qxa6 Rf7 22. Qb5 Rd7 23. Ne2 Rd6 24. Rc6 Rc8 25. Rxc8 Qxc8 26. Rc1 Qd7 27. Qxd7
Rxd7 28. Rc6 Kf7 29. Nc3 Ke7 30. h4 Bf8 31. Kf1 Bg7 32. Kg2 Bf6 33. Kh3 h6 34.
Ne2 g5 35. h5 Rd6 36. Rc8 Rd7 37. Nc3 Rb7 38. Nxd5+ Kf7 39. Rc6 Bg7 40. g4 f4
41. Kg2 f3+ 42. Kf1 Rd7 43. Rc7 Rxc7 44. Nxc7 1-0

[Event "65th Rtng Kimry chess Championship"]
[Site "Kimry"]
[Date "2012.01.06"]
[Round "8.2"]
[White "Pospelov, Sergey"]
[Black "Rumjantsev, Juri"]
[Result "1-0"]
[WhiteElo "2019"]
[BlackElo "2133"]
[PlyCount "101"]
[EventDate "2012.01.02"]

1. e4 c5 2. Nc3 e6 3. Nf3 a6 4. d4 cxd4 5. Nxd4 Qc7 6. Bd3 Nf6 7. O-O Bc5 8.
Be3 d6 9. Re1 O-O 10. h3 b5 11. Nf3 Bxe3 12. Rxe3 Nbd7 13. Qe2 Bb7 14. a3 Qc6
15. Kh2 Nb6 16. Rg1 e5 17. Nh4 g6 18. Qf3 d5 19. exd5 Nbxd5 20. Nxd5 Nxd5 21.
Rxe5 Qc7 22. Qg3 Nf6 23. Re3 Qb6 24. Rge1 Nh5 25. Qg5 Ng7 26. f4 Rae8 27. f5 f6
28. Qg3 g5 29. Rxe8 Rxe8 30. Rxe8+ Nxe8 31. Nf3 Nc7 32. Nd4 Bd5 33. Ne2 Bf7 34.
Nc3 a5 35. Ne4 Ne8 36. Kh1 Bd5 37. Nc3 Nc7 38. Qe1 Bc6 39. Qe7 Qf2 40. Be4 Qf1+
41. Kh2 Qf4+ 42. Kg1 Qc1+ 43. Kf2 Bxe4 44. Nxe4 Qxc2+ 45. Kg3 Qd3+ 46. Kh2 Nd5
47. Qd8+ Kf7 48. Qd7+ Kf8 49. Nxf6 Nf4 50. Qe8+ Kg7 51. Qe7+ 1-0

[Event "65th Rtng Kimry chess Championship"]
[Site "Kimry"]
[Date "2012.01.06"]
[Round "8.3"]
[White "Pakhteev, Yury"]
[Black "Dobrovolsky, Konstantin"]
[Result "1/2-1/2"]
[WhiteElo "2269"]
[BlackElo "2279"]
[PlyCount "109"]
[EventDate "2012.01.02"]

1. Nf3 d5 2. d4 Nf6 3. c4 e6 4. Nc3 c6 5. e3 Nbd7 6. b3 Bb4 7. Bd2 O-O 8. Be2
Bd6 9. O-O Qe7 10. g3 Ne4 11. Nxe4 dxe4 12. Nh4 f5 13. f3 g5 14. Ng2 exf3 15.
Bxf3 e5 16. e4 fxe4 17. Bxe4 exd4 18. Qg4 Rxf1+ 19. Rxf1 Nc5 20. Bf5 Be6 21.
Bxg5 Bxf5 22. Rxf5 Qg7 23. Nf4 Bxf4 24. Rxf4 Re8 25. Bf6 Qxg4 26. Rxg4+ Kf7 27.
Bxd4 Ne6 28. Re4 Rd8 29. Be3 Rd1+ 30. Kg2 Ra1 31. Bxa7 Rxa2+ 32. Bf2 Rb2 33.
Re3 Nd4 34. Rd3 c5 35. b4 Rxb4 36. Bxd4 cxd4 37. Rxd4 b5 38. Rf4+ Kg6 39. cxb5
Rxb5 40. Rg4+ Kf7 41. Rf4+ Kg6 42. Kh3 Rb2 43. Rc4 h5 44. Rc1 Ra2 45. Rg1 Kg5
46. Rg2 Rxg2 47. Kxg2 h4 48. Kf3 hxg3 49. hxg3 Kf5 50. Ke3 Kg4 51. Kf2 Kf5 52.
Kf3 Kg5 53. g4 Kf6 54. Kf4 Kg6 55. g5 1/2-1/2

[Event "65th Rtng Kimry chess Championship"]
[Site "Kimry"]
[Date "2012.01.06"]
[Round "8.4"]
[White "Redikultsev, Boris"]
[Black "Vdovin, Vadim"]
[Result "0-1"]
[WhiteElo "2060"]
[BlackElo "2141"]
[PlyCount "92"]
[EventDate "2012.01.02"]

1. e4 e6 2. d4 d5 3. Nc3 Bb4 4. a3 Bxc3+ 5. bxc3 Ne7 6. f3 b6 7. Nh3 Ng6 8.
Bb5+ c6 9. Bd3 Ba6 10. Bg5 Qc7 11. Bxa6 Nxa6 12. Qe2 Nb8 13. O-O O-O 14. Bd2 c5
15. Qd3 Nc6 16. Rae1 dxe4 17. fxe4 Rad8 18. d5 Nce5 19. Qe2 exd5 20. exd5 Rxd5
21. Nf4 Rdd8 22. Bc1 Qc6 23. Qh5 Nxf4 24. Rxf4 Ng6 25. Rf3 Rd5 26. Qh3 Qd7 27.
Qg3 Qa4 28. Qf2 Qc4 29. Rf1 Re5 30. Bf4 Re2 31. Qg3 f6 32. h4 Qd5 33. Qg4 Re4
34. Rg3 Qc4 35. Rgf3 Ne5 36. Qf5 Nxf3+ 37. Rxf3 Qe6 38. Qh5 Rd8 39. Rf1 Re1 40.
Rxe1 Qxe1+ 41. Kh2 Qe4 42. Qg4 h5 43. Qg3 Re8 44. Bh6 Qg4 45. Bf4 Qxg3+ 46.
Kxg3 Re2 0-1

[Event "65th Rtng Kimry chess Championship"]
[Site "Kimry"]
[Date "2012.01.06"]
[Round "8.5"]
[White "Ustinov, Alexey"]
[Black "Mironova, Natalia"]
[Result "1-0"]
[WhiteElo "2147"]
[BlackElo "1826"]
[PlyCount "69"]
[EventDate "2012.01.02"]

1. d4 Nf6 2. Nf3 d5 3. e3 g6 4. b3 Bg7 5. Bb2 c5 6. Nbd2 cxd4 7. exd4 Nc6 8. a3
O-O 9. Bd3 Nh5 10. g3 Bg4 11. h3 Bd7 12. Kf1 Qc8 13. Kg2 Re8 14. Qe2 e5 15.
dxe5 Nxe5 16. Nxe5 Bxe5 17. Bxe5 f6 18. f4 fxe5 19. fxe5 Qc7 20. Rae1 Re7 21.
Nf3 Rae8 22. Qe3 Qa5 23. a4 Ng7 24. Re2 Nf5 25. Bxf5 Bxf5 26. Rhe1 b5 27. axb5
Qxb5 28. Nd4 Qd7 29. Nxf5 Qxf5 30. Qf4 Qd7 31. Qd4 Qc6 32. h4 a5 33. Kh2 Rb8
34. Rd2 Rc8 35. Ree2 1-0

[Event "65th Rtng Kimry chess Championship"]
[Site "Kimry"]
[Date "2012.01.06"]
[Round "8.6"]
[White "Kuryshkin, Anatoliy"]
[Black "Milkin, Sergey"]
[Result "0-1"]
[WhiteElo "2018"]
[BlackElo "2045"]
[PlyCount "78"]
[EventDate "2012.01.02"]

1. e4 c6 2. d4 d5 3. Nd2 dxe4 4. Nxe4 Bf5 5. Nc5 Qc7 6. Nf3 Nf6 7. g3 e6 8. Bf4
Qa5+ 9. Qd2 Qxd2+ 10. Kxd2 Bxc5 11. dxc5 Ne4+ 12. Ke3 Nxc5 13. Nd4 Bg6 14. Bg2
Nbd7 15. b4 Na4 16. Bd6 Nab6 17. Bf1 Nd5+ 18. Kf3 N7f6 19. Bd3 Bxd3 20. cxd3
Kd7 21. Be5 Ke7 22. b5 c5 23. Nb3 b6 24. a4 Rhd8 25. d4 c4 26. Nd2 c3 27. Nb3
Ne8 28. g4 f6 29. Bg3 Rac8 30. a5 Nec7 31. axb6 axb6 32. Ra7 Rd7 33. Bxc7 Nxc7
34. Rb7 Nxb5 35. Rxb6 Nxd4+ 36. Nxd4 Rxd4 37. Re1 c2 38. Rbxe6+ Kf7 39. Re7+
Kf8 0-1

[Event "65th Rtng Kimry chess Championship"]
[Site "Kimry"]
[Date "2012.01.06"]
[Round "8.7"]
[White "Terentieva, Alena"]
[Black "Tikhonova, Mariya"]
[Result "0-1"]
[WhiteElo "1869"]
[BlackElo "1779"]
[PlyCount "110"]
[EventDate "2012.01.02"]

1. c4 e6 2. e4 c5 3. Nc3 Nc6 4. g3 Nge7 5. Bg2 Nd4 6. Nge2 Nec6 7. d3 Be7 8.
O-O O-O 9. f4 d6 10. g4 g6 11. Ng3 Bf6 12. g5 Bh8 13. h4 f5 14. exf5 Nxf5 15.
Nxf5 Rxf5 16. Be4 Rf8 17. h5 Ne7 18. hxg6 hxg6 19. Qf3 Bd4+ 20. Kg2 Bxc3 21.
bxc3 d5 22. Bxg6 Nxg6 23. Qh5 Qe8 24. Rh1 Nxf4+ 25. Bxf4 Qxh5 26. Rxh5 Rxf4 27.
Rah1 Kf8 28. cxd5 exd5 29. Rh8+ Ke7 30. R8h7+ Kd6 31. R7h6+ Be6 32. Re1 Re8 33.
Rg6 Kd7 34. Rb1 b6 35. Rh1 Rf7 36. Rhh6 Ree7 37. Kg3 Rg7 38. Rxg7 Rxg7 39. Kh4
d4 40. cxd4 cxd4 41. Rh8 Bxa2 42. Kh5 Bf7+ 43. Kh6 Rg6+ 44. Kh7 Rxg5 45. Ra8
Ra5 46. Kg7 Bd5 47. Rb8 Ra3 48. Kf6 Rxd3 49. Ke5 Bc6 50. Rh8 a5 51. Rh7+ Kc8
52. Rh5 Kb7 53. Kd6 Rc3 54. Ke5 d3 55. Kd4 d2 0-1

[Event "65th Rtng Kimry chess Championship"]
[Site "Kimry"]
[Date "2012.01.06"]
[Round "8.8"]
[White "Filatov, Roman A"]
[Black "Nefedov, Dmitriy"]
[Result "0-1"]
[WhiteElo "2072"]
[BlackElo "2089"]
[PlyCount "192"]
[EventDate "2012.01.02"]

1. d4 d5 2. Nf3 Nf6 3. c4 dxc4 4. Nc3 a6 5. a4 e6 6. Bg5 Nbd7 7. e4 h6 8. Bh4
Be7 9. e5 Nd5 10. Bxe7 Qxe7 11. Bxc4 Nxc3 12. bxc3 b6 13. O-O Bb7 14. Qe2 O-O
15. Bd3 Nb8 16. Be4 Nc6 17. Rfd1 Na5 18. Bxb7 Nxb7 19. Nd2 Na5 20. Ne4 Rfd8 21.
Rab1 Qd7 22. Qc2 Qc6 23. Rb4 Qd7 24. h3 Rab8 25. Rbb1 Nc4 26. Rb4 Nxe5 27. Rbb1
Nc4 28. Qa2 Qc6 29. Qe2 Nd6 30. Nxd6 Rxd6 31. Qxa6 Ra8 32. Qd3 Rxa4 33. Rbc1 b5
34. Rb1 Rc4 35. Rb3 Qd5 36. f4 g6 37. Kh2 Ra6 38. Rd2 c6 39. Qe3 Rca4 40. Rb1
Ra3 41. Rc1 Ra2 42. Rdc2 Qf5 43. Rxa2 Rxa2 44. Qf3 g5 45. Rf1 Qxf4+ 46. Qxf4
gxf4 47. Rxf4 Rc2 48. Rf3 b4 49. cxb4 Rb2 50. Rc3 Rxb4 51. Rxc6 Rxd4 52. Kg3
Kg7 53. Kf3 Kf6 54. Rc8 h5 55. g3 Kf5 56. Rh8 Rd3+ 57. Kf2 Kg6 58. Rg8+ Kh7 59.
Rf8 Kg7 60. Ra8 Rb3 61. Ra5 Kg6 62. Ra8 h4 63. gxh4 Rxh3 64. Rh8 Kg7 65. Rh5 f6
66. Kg2 Kg6 67. Rh8 Ra3 68. Rg8+ Kh5 69. Rh8+ Kg4 70. Rh6 Ra2+ 71. Kg1 Kf5 72.
Rh8 e5 73. h5 Ra7 74. Kf2 Kf4 75. Kg2 f5 76. h6 Ra6 77. h7 Rh6 78. Kg1 e4 79.
Kg2 e3 80. Kg1 e2 81. Kf2 Rh2+ 82. Ke1 Kf3 83. Re8 Rxh7 84. Rxe2 Rh1+ 85. Kd2
f4 86. Re8 Ra1 87. Re7 Ra3 88. Rg7 Kf2 89. Rg8 Ra7 90. Rg6 Rd7+ 91. Kc3 f3 92.
Rg8 Kf1 93. Rg6 f2 94. Rg8 Rd5 95. Kc2 Ke2 96. Re8+ Kf3 0-1

[Event "65th Rtng Kimry chess Championship"]
[Site "Kimry"]
[Date "2012.01.06"]
[Round "8.9"]
[White "Golubeva, Maria"]
[Black "Komarova, Tatiana"]
[Result "1/2-1/2"]
[WhiteElo "1889"]
[BlackElo "1798"]
[PlyCount "95"]
[EventDate "2012.01.02"]

1. d4 d6 2. Nf3 Nd7 3. c4 e5 4. dxe5 Nxe5 5. Nxe5 dxe5 6. Qxd8+ Kxd8 7. Nc3 c6
8. Bg5+ f6 9. Rd1+ Kc7 10. Bd2 Be6 11. e3 Nh6 12. Be2 Be7 13. Ne4 Rad8 14. O-O
Nf7 15. b3 Bf5 16. Bf3 Nd6 17. Nxd6 Rxd6 18. c5 Rd7 19. e4 Be6 20. Be3 Rhd8 21.
Rxd7+ Rxd7 22. Rd1 Rxd1+ 23. Bxd1 b6 24. cxb6+ axb6 25. Kf1 Bb4 26. Ke2 c5 27.
Kd3 Kc6 28. Bh5 Ba3 29. Be8+ Bd7 30. Bxd7+ Kxd7 31. Bd2 Kc6 32. h4 Bb2 33. b4
Bd4 34. f3 Bf2 35. h5 g6 36. hxg6 hxg6 37. bxc5 Kxc5 38. Bh6 b5 39. Bf8+ Kc6
40. Be7 f5 41. exf5 gxf5 42. g4 fxg4 43. fxg4 Kd5 44. g5 e4+ 45. Ke2 Bd4 46.
Bf8 Ke6 47. g6 Kf6 48. g7 1/2-1/2

[Event "65th Rtng Kimry chess Championship"]
[Site "Kimry"]
[Date "2012.01.06"]
[Round "8.11"]
[White "Geshko., Aleksey"]
[Black "Sherbakova, Elena"]
[Result "1-0"]
[WhiteElo "1867"]
[BlackElo "1864"]
[PlyCount "53"]
[EventDate "2012.01.02"]

1. e4 d6 2. d4 Nf6 3. Nc3 Nbd7 4. Nf3 e5 5. Be2 Be7 6. O-O exd4 7. Nxd4 Nc5 8.
f3 O-O 9. Be3 a5 10. Qd2 c6 11. a4 Re8 12. Rfe1 Bf8 13. Bc4 Be6 14. Nxe6 Nxe6
15. Rad1 Qc7 16. Qf2 Nd7 17. f4 Ndc5 18. f5 Nd8 19. Bxc5 dxc5 20. Re2 Qe5 21.
Red2 Qf6 22. Qg3 Rc8 23. Rd7 Be7 24. R7d2 Kf8 25. Qh3 Qh4 26. f6 Qxh3 27. fxe7+
1-0

[Event "65th Rtng Kimry chess Championship"]
[Site "Kimry"]
[Date "2012.01.06"]
[Round "8.12"]
[White "Danilov, Alexander"]
[Black "Fedoruk, Nikolay"]
[Result "1/2-1/2"]
[WhiteElo "1759"]
[BlackElo "1813"]
[PlyCount "122"]
[EventDate "2012.01.02"]

1. c4 g6 2. Nc3 f5 3. g3 Nf6 4. Bg2 Bg7 5. d4 d6 6. Nf3 O-O 7. O-O c6 8. b3
Nbd7 9. Bb2 e5 10. Ng5 Qe7 11. d5 Nb8 12. f3 h6 13. Nh3 f4 14. gxf4 exf4 15.
Qd2 g5 16. Nf2 Bf5 17. Rfe1 Re8 18. Nd3 Qe3+ 19. Qxe3 fxe3 20. Red1 Na6 21. f4
c5 22. fxg5 hxg5 23. Nb5 Bxd3 24. Rxd3 Nb4 25. Rdd1 Rad8 26. a3 Nc2 27. Rac1
Nd4 28. Nxd4 cxd4 29. Bxd4 Nh5 30. Bf3 Nf4 31. c5 dxc5 32. Rxc5 b6 33. Rc7 Bxd4
34. Rxd4 Ne6 35. Rdc4 Nxc7 36. Rxc7 a5 37. Rc6 Rb8 38. Rg6+ Kh8 39. h3 Kh7 40.
Rc6 Kg7 41. Kh2 Rec8 42. Kg3 Rxc6 43. dxc6 Rc8 44. Kg4 Kf6 45. b4 axb4 46. axb4
b5 47. Bg2 Rg8 48. Kf3 Re8 49. Kg4 Re7 50. h4 gxh4 51. Kxh4 Ke5 52. Kg3 Kd4 53.
Bh3 Rc7 54. Bd7 Kc4 55. Kf3 Kxb4 56. Kxe3 Kc3 57. Ke4 b4 58. Kd5 b3 59. Bf5
Rxc6 60. Kxc6 Kd4 61. Kd6 Ke3 1/2-1/2